Statistiken für Bundesstaaten Brasiliens

Klicken Sie hier um das Quiz zu spielen!

Allgemein

  • Dieses Quiz wurde 2.225 mal gespielt
  • Das Durchschnittsergebnis liegt bei 11 aus 27

Antworten auf der Karte

Die Antworten werden auf der Karte rot bzw. grün angezeigt, abhängig davon wie oft sie richtig erraten wurden.
 

Antwortstatistiken

Staat% Korrekt
Rio de Janeiro
96%
São Paulo
87%
Amazonas
73%
Bahia
47%
Pará
45%
Mato Grosso
43%
Rio Grande do Sul
41%
Minas Gerais
39%
Paraná
39%
Acre
37%
Rio Grande do Norte
37%
Mato Grosso do Sul
36%
Santa Catarina
36%
Distrito Federal
35%
Espírito Santo
34%
Amapá
33%
Goiás
33%
Pernambuco
32%
Ceará
31%
Roraima
31%
Maranhão
30%
Paraíba
30%
Piauí
30%
Rondônia
30%
Sergipe
30%
Tocantins
30%
Alagoas
28%

Verteilung der Resultate

Perzentil nach korrekt beantworteten Fragen

Anzahl Personen mit jedem Resultat

Ihre Resultats-Entwicklung

Sie haben dieses Quiz noch nicht gespielt